00470 2200193 4500245005100000020001800051250001100069100002000080700001100100700000900111650001700120005001900137260004100156041001400197084001300211300003200224336000900256338001100265 aRakugaki Fighter Vol. 2cKunihiko, NakaihText a979-20-9154-8 aCet. 1 aKunihiko, Nakai aFaizal aDani aKomik Jepang a20230201070153 aJakartabElex Media Komputindoc2006 aIndonesia a741.5592 a... jil. :bilus. ;c17 cm. atext avolume